Fundamentals of distributed object systems-(E-BOOK) (Record no. 191398)

000 -LEADER
fixed length control field 00961 a2200277 4500
003 - CONTROL NUMBER IDENTIFIER
control field Nust
005 - DATE AND TIME OF LATEST TRANSACTION
control field 20170207154015.0
020 ## - INTERNATIONAL STANDARD BOOK NUMBER
International Standard Book Number 0-471-35198-9
040 ## - CATALOGING SOURCE
Transcribing agency Nust
082 0# - DEWEY DECIMAL CLASSIFICATION NUMBER
Classification number 004.3682
082 0# - DEWEY DECIMAL CLASSIFICATION NUMBER
Classification number 004.3682
100 1# - MAIN ENTRY--PERSONAL NAME
Personal name Tari, Zahir
245 00 - TITLE STATEMENT
Title Fundamentals of distributed object systems-(E-BOOK)
Remainder of title the CORBA perspective /
Statement of responsibility, etc. Zahir Tari, Omran Bukhres
260 ## - PUBLICATION, DISTRIBUTION, ETC.
Place of publication, distribution, etc. New York :
Name of publisher, distributor, etc. Wiley,
Date of publication, distribution, etc. cop. 2001
300 ## - PHYSICAL DESCRIPTION
Extent 389 s.
440 #0 - SERIES STATEMENT/ADDED ENTRY--TITLE
Title Wiley series on parallel and distributed computing,
490 0# - SERIES STATEMENT
Series statement A Wiley-Interscience publication
505 ## - FORMATTED CONTENTS NOTE
Formatted contents note Part 1 Basics Of Corba 1 Part 2i Advanced Corba 127 Part 3 Corba Services 211
650 #7 - SUBJECT ADDED ENTRY--TOPICAL TERM
Topical term or geographic name entry element CORBA (Computer architecture)
650 #7 - SUBJECT ADDED ENTRY--TOPICAL TERM
Topical term or geographic name entry element Distribuerade system
650 #7 - SUBJECT ADDED ENTRY--TOPICAL TERM
Topical term or geographic name entry element Electronic data processing
General subdivision Distributed processing
650 #7 - SUBJECT ADDED ENTRY--TOPICAL TERM
Topical term or geographic name entry element Object-oriented methods (Computer science)
650 #7 - SUBJECT ADDED ENTRY--TOPICAL TERM
Topical term or geographic name entry element Objektorienterad programmering
650 #7 - SUBJECT ADDED ENTRY--TOPICAL TERM
Topical term or geographic name entry element Objektorienterad programmering
700 1# - ADDED ENTRY--PERSONAL NAME
Personal name Bukhres, Omran
942 ## - ADDED ENTRY ELEMENTS (KOHA)
Source of classification or shelving scheme
Koha item type Book
Holdings
Withdrawn status Lost status Source of classification or shelving scheme Damaged status Not for loan Collection code Permanent Location Current Location Date acquired Total Checkouts Full call number Barcode Date last seen Price effective from Koha item type
            Military College of Signals (MCS) Military College of Signals (MCS) 12/12/2016   004.3682 TAR MCSEB-733 12/08/2016 12/12/2016 Book
© 2023 Central Library, National University of Sciences and Technology. All Rights Reserved.